The world science : 1

Bibliographic Details
Format: Book
Published: Selangor : Early Learner Publication Sdn.Bhd , 2003
Subjects:

MARC

LEADER 00000cam a2200000 7i4500
001 0000006053
005 20151222.0
008 070814
020 |a 9832841399 
090 0 0 |a SC   |b ENG 
245 1 4 |a The world science :   |b 1 
260 |a Selangor :   |b Early Learner Publication Sdn.Bhd ,   |c 2003 
500 |a Children ages 10-12 years old (pink) 
650 0 |a Science   |x Juvenile literature 
999 |a 0000981688   |b Book   |c Children Collection   |e Cawangan Tmn. Ungku Tun Aminah 
999 |a 0000981689   |b Book   |c Children Collection   |e Cawangan Sri Merlong 
999 |a 0000981690   |b Book   |c Children Collection   |e Cawangan Taman Sri Lambak 
999 |a 0000981691   |b Book   |c Children Collection   |e Perbadanan Perpustakaan Awam Johor 
999 |a 0000981692   |b Book   |c Children Collection   |e Perbadanan Perpustakaan Awam Johor